Aquaculture Engineering
This book a collection of eleven essays, which examine and analyse various aspects and uses of ADR, both at a national and transnational level.
Сохранить в:
| Главный автор: | |
|---|---|
| Формат: | |
| Язык: | Undetermined |
| Опубликовано: |
Oxford
Blackwell Pub
2007
|
| Предметы: | |
| Метки: |
Добавить метку
Нет меток, Требуется 1-ая метка записи!
|
| Thư viện lưu trữ: | Trung tâm Học liệu Trường Đại học Cần Thơ |
|---|
| LEADER | 00701nam a2200205Ia 4500 | ||
|---|---|---|---|
| 001 | CTU_152952 | ||
| 008 | 210402s9999 xx 000 0 und d | ||
| 020 | |c 71.36 | ||
| 082 | |a 639.8 | ||
| 082 | |b L536 | ||
| 100 | |a Lekang, Odd-Ivar | ||
| 245 | 0 | |a Aquaculture Engineering | |
| 245 | 0 | |c Odd-Ivar Lekang | |
| 260 | |a Oxford | ||
| 260 | |b Blackwell Pub | ||
| 260 | |c 2007 | ||
| 520 | |a This book a collection of eleven essays, which examine and analyse various aspects and uses of ADR, both at a national and transnational level. | ||
| 650 | |a Aquacultural engineering,Kỹ thuật nuôi trồng thuỷ sản | ||
| 904 | |i Tuyến | ||
| 980 | |a Trung tâm Học liệu Trường Đại học Cần Thơ | ||